| 000 | 00739cam a2200205 4500 | ||
|---|---|---|---|
| 001 | WB3722-03 | ||
| 008 | 000000n2001 000 0 eng u | ||
| 035 | _a(Sirsi) u112951 | ||
| 245 | _aJCT domestic subcontract | ||
| 260 | _c2001 | ||
| 490 |
_aContract Journal _v408 (6329), 31501(8) |
||
| 520 | _aA JCT standard form of domestic subcontract will be published in August. JCT will also update its agreement for renovation grant work and review developments in dispute resolution. | ||
| 590 | _aWB | ||
| 650 | _aJOINT CONTRACTS TRIBUNAL | ||
| 650 | _aDOMESTIC SUBCONTRACTS | ||
| 650 |
_aDISPUTE RESOLUTION _96236 |
||
| 650 | _aRENOVATION GRANT WORKS | ||
| 690 | _aBUILDING AND CONSTRUCTION-CONTRACTS-JCT CONTRACTS | ||
| 942 | _n0 | ||
| 999 |
_c67238 _d67238 |
||